DETECTION OF ŤAHYŇA VIRUS IN TISSUE CULTURES BY THE FLUORESCENT ANTIBODY TECHNIQUE

Bibliographic Details
Main Authors: Albrecht, P. (Author), Wallnerová, Z. (Author)
Format: Article
Language:Slovak
English

MARC

LEADER 00000nab a2200000ua 4500
001 vtls010756171
003 SK-MaSNL
005 20260304202637.0
008 250718s1964 xo |||||||||||||||||slo|
035 |a (urnnbn)urn:nbn:sk:snk:ar-a02aqq 
035 |a (uuid)3506ee59-9b48-443d-a751-c4106751dd70 
035 |a urn:nbn:sk:snk-ab4jfh 
040 |a SNKBUCL  |b slo  |c SNKBUCL  |e AACR2 
041 0 |a eng 
044 |a xo  |c SK 
100 1 |a Albrecht, P.  |4 aut  |9 947336 
245 1 0 |a DETECTION OF ŤAHYŇA VIRUS IN TISSUE CULTURES BY THE FLUORESCENT ANTIBODY TECHNIQUE  |c P. Albrecht, Z. Wallnerová 
700 1 |a Wallnerová, Z.  |4 aut  |9 1174338 
773 0 |t Acta virologica  |g Roč. 8, č. 5 (1964), s. 474 
850 |a Slovenská národná knižnica 
852 |a Slovenská národná knižnica 
958 |a article3 
958 |a OND 
958 |a EUIPO 
999 |c 3104521  |d 3106451